| Tag |
First Indicator |
Second Indicator |
Subfields |
| LEADER |
00000cam a22000004a 4500 |
| 001 |
in00002372004 |
| 005 |
20151109041458.0 |
| 008 |
071219s2008 nyu 000 0 eng |
| 010 |
|
|
|a 2007049930
|
| 019 |
|
|
|a 156814779
|
| 020 |
|
|
|a 9780060838331 (alk. paper)
|
| 020 |
|
|
|a 0060838337 (alk. paper)
|
| 029 |
1 |
|
|a NZ1
|b 11640383
|
| 035 |
|
|
|a (OCoLC)ocn185026529
|
| 035 |
|
|
|a (OCoLC)185026529
|z (OCoLC)156814779
|
| 040 |
|
|
|a DLC
|c DLC
|d YDX
|d BAKER
|d YDXCP
|d IK2
|d UPZ
|d BTCTA
|d WIQ
|d VP@
|d TXA
|d UtOrBLW
|
| 049 |
|
|
|a TXAM
|
| 050 |
0 |
0 |
|a BF575.S37
|b S35 2008
|
| 082 |
0 |
0 |
|a 158
|2 22
|
| 100 |
1 |
|
|a Schlessinger, Laura.
|
| 245 |
1 |
0 |
|a Stop whining, start living /
|c Laura Schlessinger.
|
| 250 |
|
|
|a 1st ed.
|
| 264 |
|
1 |
|a New York :
|b Harper,
|c [2008]
|
| 264 |
|
4 |
|c ©2008
|
| 300 |
|
|
|a viii, 197 pages ;
|c 22 cm.
|
| 336 |
|
|
|a text
|b txt
|2 rdacontent
|
| 337 |
|
|
|a unmediated
|b n
|2 rdamedia
|
| 338 |
|
|
|a volume
|b nc
|2 rdacarrier
|
| 520 |
|
|
|a Building on the principles developed during her long career as a licensed marriage and family therapist, and addressing the chronic struggles of so many of her listeners and readers, Dr. Laura encourages "whiners" to reject negative thoughts, emotions, and attitudes; shift perspective; open up to gratitude and goodness; and embrace obligations to loved ones and the world in general.--From amazon.com.
|
| 505 |
0 |
|
|a Perspective is everything -- Talk! talk? talk! talk? -- Just say "no" to hurt feelings -- Always so sa-a-a-a-a-d -- This relationship stinks -- The earth is not the center of the universe and you and I aren't either! -- Start living.
|
| 650 |
|
0 |
|a Self-acceptance.
|
| 938 |
|
|
|a Baker & Taylor
|b BKTY
|c 24.95
|d 18.71
|i 0060838337
|n 0007323893
|s active
|
| 938 |
|
|
|a YBP Library Services
|b YANK
|n 2711052
|
| 938 |
|
|
|a Baker and Taylor
|b BTCP
|n BK0007636209
|
| 948 |
|
|
|a cataloged
|b h
|c 2008/3/28
|d c
|e ceaton
|f 1:31:49 pm
|
| 994 |
|
|
|a C0
|b TXA
|
| 999 |
|
|
|a MARS
|
| 999 |
f |
f |
|s ad2fa99f-4c8e-3303-9f26-6238daf0cc20
|i 336c1f9e-2e69-3a63-9ff2-33cad5526d6f
|t 0
|
| 952 |
f |
f |
|p ric
|a Texas A&M University
|b Rellis Campus
|c Joint Library Facility
|d Remote Storage
|t 0
|e BF575.S37 S35 2008
|h Library of Congress classification
|i unmediated -- volume
|m A14837087739
|
| 998 |
f |
f |
|a BF575.S37 S35 2008
|t 0
|l Remote Storage
|